[Event "FRA-chT GpB (Women)"]
[Site "Montpellier"]
[Date "2015.05.08"]
[Round "2.3"]
[White "Duval, Claire"]
[Black "Paehtz, Elisabeth"]
[Result "0-1"]
[WhiteElo "1831"]
[BlackElo "2479"]
[PlyCount "54"]
[EventDate "2015.05.07"]
[EventType "team-tourn"]
[EventRounds "5"]
[EventCountry "FRA"]
[SourceTitle "CBM 166 Extra"]
[Source "ChessBase"]
[SourceDate "2015.06.18"]
[SourceVersion "1"]
[SourceVersionDate "2015.06.18"]
[SourceQuality "1"]
[WhiteTeam "Tours (W)"]
[BlackTeam "Mulhouse Philidor (W)"]
[WhiteTeamCountry "FRA"]
[BlackTeamCountry "FRA"]

1. d4 e6 2. c4 c5 3. d5 exd5 4. cxd5 d6 5. Nc3 Nf6 6. Nf3 g6 7. Bf4 a6 8. a4 Bg7 9. h3 0-0 10. e3 Qe7 11. Nd2 Nbd7 12. Nc4 Ne8 13. Be2 Rb8 14. a5 Ne5 15. Bxe5 Bxe5 16. 0-0 Bg7 17. Nb6 f5 18. Qc2 Nf6 19. Rae1 Bd7 20. e4 f4 21. Bf3 Ne8 22. Nxd7 Qxd7 23. Bg4 Qd8 24. Qa4 Be5 25. Qa2 f3 26. Bxf3 Rxf3 27. gxf3 Qg5+ 0-1

[Event "FRA-ch U18 Girls"]
[Site "Pau"]
[Date "2015.04.30"]
[Round "6"]
[White "Duval, Claire"]
[Black "Imperor, Lorene"]
[Result "0-1"]
[WhiteElo "1909"]
[BlackElo "1891"]
[PlyCount "60"]
[EventDate "2015.04.26"]
[EventType "swiss"]
[EventRounds "9"]
[EventCountry "FRA"]
[SourceTitle "CBM 166 Extra"]
[Source "ChessBase"]
[SourceDate "2015.06.18"]
[SourceVersion "1"]
[SourceVersionDate "2015.06.18"]
[SourceQuality "1"]

1. d4 Nf6 2. c4 c5 3. d5 e6 4. Nc3 exd5 5. cxd5 d6 6. Nf3 g6 7. Bf4 a6 8. a4 Bg7 9. h3 0-0 10. e3 Qe7 11. Bd3 Nbd7 12. 0-0 Nh5 13. Bh2 f5 14. Re1 Ne5 15. Bxe5 Bxe5 16. Nxe5 Qxe5 17. Qc2 Bd7 18. a5 Rf7 19. Be2 Nf6 20. Rad1 Ne4 21. Nxe4 fxe4 22. Bg4 Bxg4 23. hxg4 Raf8 24. Rd2 Re7 25. Qd1 Qg5 26. Qe2 Qh4 27. f3 exf3 28. gxf3 Qg3+ 29. Kh1 Rxf3 30. Rg1 Qh4+ 0-1

[Event "FRA-ch U18 Girls"]
[Site "Pau"]
[Date "2015.04.27"]
[Round "3"]
[White "Baldi, Valentine"]
[Black "Duval, Claire"]
[Result "1-0"]
[WhiteElo "1858"]
[BlackElo "1909"]
[PlyCount "69"]
[EventDate "2015.04.26"]
[EventType "swiss"]
[EventRounds "9"]
[EventCountry "FRA"]
[SourceTitle "CBM 166 Extra"]
[Source "ChessBase"]
[SourceDate "2015.06.18"]
[SourceVersion "1"]
[SourceVersionDate "2015.06.18"]
[SourceQuality "1"]

1. d4 Nf6 2. c4 e6 3. Nc3 d5 4. e3 Be7 5. Nf3 0-0 6. Bd3 dxc4 7. Bxc4 a6 8. e4 b5 9. Bd3 c5 10. dxc5 Bxc5 11. h3 Bb7 12. Qe2 g6 13. 0-0 Nc6 14. e5 Nd5 15. Ne4 Nd4 16. Qd1 Nxf3+ 17. Qxf3 Be7 18. Rd1 Qb6 19. Qg3 Rfd8 20. Bg5 Bxg5 21. Nxg5 Kg7 22. Rac1 Ne7 23. Qf4 Nf5 24. Bxf5 exf5 25. Rxd8 Qxd8 26. e6 Qd5 27. f3 Rc8 28. Rc7 Rf8 29. Nxf7 Kg8 30. Nh6+ Kh8 31. Rd7 Qc5+ 32. Kh2 Bc8 33. e7 Re8 34. Rd8 Qxe7 35. Qd4+ 1-0

[Event "Sautron op 14th"]
[Site "Sautron"]
[Date "2014.10.26"]
[Round "9"]
[White "Duval, Claire"]
[Black "Stephan, Victor"]
[Result "0-1"]
[WhiteElo "1797"]
[BlackElo "2331"]
[PlyCount "38"]
[EventDate "2014.10.26"]
[EventType "swiss"]
[EventRounds "9"]
[EventCountry "FRA"]
[SourceTitle "EXT 2016"]
[Source "ChessBase"]
[SourceDate "2015.10.08"]
[SourceVersion "1"]
[SourceVersionDate "2015.10.08"]
[SourceQuality "1"]

1. d4 Nf6 2. c4 e6 3. Nc3 c5 4. d5 exd5 5. cxd5 d6 6. e4 g6 7. h3 Bg7 8. Nf3 0-0 9. Bf4 Re8 10. Qc2 a6 11. a4 Nh5 12. Bh2 f5 13. Be2 fxe4 14. Nxe4 Bf5 15. Nfd2 Nf6 16. Nxf6+ Qxf6 17. Qb3 Qxb2 18. Ra3 Qc1+ 19. Qd1 Qxa3 0-1

[Event "Sautron op 13th"]
[Site "Sautron"]
[Date "2013.10.29"]
[Round "5"]
[White "Duval, Claire"]
[Black "Ider, Borya"]
[Result "0-1"]
[WhiteElo "1779"]
[BlackElo "2377"]
[PlyCount "82"]
[EventDate "2013.10.26"]
[EventType "swiss"]
[EventRounds "9"]
[EventCountry "FRA"]
[SourceTitle "EXT 2016"]
[Source "ChessBase"]
[SourceDate "2015.10.08"]
[SourceVersion "1"]
[SourceVersionDate "2015.10.08"]
[SourceQuality "1"]

1. d4 d5 2. c4 e5 3. dxe5 d4 4. Nf3 Nc6 5. g3 Nge7 6. Nbd2 Ng6 7. Nb3 Ngxe5 8. Nxe5 Nxe5 9. Nxd4 Bb4+ 10. Bd2 Qxd4 11. Bxb4 Qxc4 12. Bc3 Qe4 13. Bxe5 Qxh1 14. Bxg7 Rg8 15. Qd4 Qc6 16. Rd1 Bd7 17. Bf6 Rg6 18. Bh3 Qxf6 19. Qxd7+ Kf8 20. Qxc7 Qxb2 21. Rd7 Qb1+ 22. Rd1 Qb4+ 23. Kf1 Re8 24. Bg2 Qe7 25. Qc2 Rd8 26. Rxd8+ Qxd8 27. Be4 Rf6 28. Qc5+ Kg7 29. Qg5+ Kh8 30. Qh5 h6 31. Qe5 b6 32. Bd3 Kg7 33. h4 Qc8 34. Qb2 Qd7 35. Kg1 Qd6 36. Qc3 Qc5 37. Qxc5 bxc5 38. h5 Rb6 39. Bc4 Rb4 40. Bd5 c4 41. Kf1 c3 0-1

[Event "Villandry Lallemand Memorial op"]
[Site "Villandry"]
[Date "2013.05.11"]
[Round "2"]
[White "Duval, Claire"]
[Black "Roumegous, Marina"]
[Result "0-1"]
[WhiteElo "1784"]
[BlackElo "2154"]
[PlyCount "68"]
[EventDate "2013.05.11"]
[EventType "swiss (rapid)"]
[EventRounds "9"]
[EventCountry "FRA"]
[SourceTitle "EXT 2014"]
[Source "ChessBase"]
[SourceDate "2013.11.20"]
[SourceVersion "1"]
[SourceVersionDate "2013.11.20"]
[SourceQuality "1"]

1. d4 e6 2. c4 Nf6 3. Nc3 Bb4 4. Qc2 c5 5. dxc5 Bxc5 6. Bg5 Nc6 7. Nf3 h6 8. Bh4 Be7 9. e3 0-0 10. Be2 b6 11. 0-0 Bb7 12. a3 a6 13. Rad1 d6 14. e4 Qc7 15. h3 Rfd8 16. Bg3 Ne5 17. Nxe5 dxe5 18. Rxd8+ Rxd8 19. Bh4 Rd4 20. Bxf6 Bxf6 21. Rd1 Qd8 22. Rd3 Qc8 23. Rd1 Bg5 24. Bd3 Qd8 25. Ne2 Rd7 26. c5 bxc5 27. Qa4 Rxd3 28. Rxd3 Qxd3 29. Qe8+ Kh7 30. Qxe6 fxe6 31. f3 Qxe2 32. Kh1 Be3 33. Kh2 Qf1 34. g3 Bf4 0-1

[Event "FRA-ch U16 Girls"]
[Site "Saint Paul Trois Chateaux"]
[Date "2013.05.04"]
[Round "7"]
[White "Bellaiche, Elise"]
[Black "Duval, Claire"]
[Result "0-1"]
[WhiteElo "2057"]
[BlackElo "1759"]
[PlyCount "69"]
[EventDate "2013.04.28"]
[EventType "swiss"]
[EventRounds "9"]
[EventCountry "FRA"]
[SourceTitle "CBM 154 Extra"]
[Source "ChessBase"]
[SourceDate "2013.06.25"]
[SourceVersion "2"]
[SourceVersionDate "2013.06.25"]
[SourceQuality "1"]

1. e4 c6 2. d4 d5 3. e5 Bf5 4. Nf3 e6 5. Be2 Nd7 6. 0-0 Ne7 7. Nbd2 a6 8. Nb3 Nc8 9. Be3 Be7 10. a4 0-0 11. a5 Qc7 12. c4 f6 13. Bf4 fxe5 14. dxe5 Be4 15. Bg3 Bxf3 16. Bxf3 dxc4 17. Nd4 Nc5 18. Qe2 Rd8 19. Rfd1 Rxd4 20. Rxd4 Nb3 21. Rdd1 Nxa1 22. Rxa1 Na7 23. Qxc4 Qc8 24. Bg4 Kf7 25. Qd3 g6 26. Qf3+ Kg7 27. Qb3 Kf7 28. Ra4 Bg5 29. h4 Bh6 30. Qf3+ Ke8 31. Qf6 Qd7 32. Bxe6 Qe7 33. Qh8+ Bf8 34. Rf4 Nb5 35. Rf7 0-1

[Event "FRA-ch U14 Girls"]
[Site "Nimes"]
[Date "2012.04.21"]
[Round "9"]
[White "Chung, Mathilde"]
[Black "Duval, Claire"]
[Result "1-0"]
[WhiteElo "1678"]
[BlackElo "1759"]
[PlyCount "133"]
[EventDate "2012.04.14"]
[EventType "swiss"]
[EventRounds "9"]
[EventCountry "FRA"]
[SourceTitle "CBM 148 Extra"]
[Source "ChessBase"]
[SourceDate "2012.06.22"]
[SourceVersion "1"]
[SourceVersionDate "2012.06.22"]
[SourceQuality "1"]

1. d4 Nf6 2. c4 e6 3. Nc3 d5 4. Nf3 Be7 5. Bf4 c6 6. e3 Nbd7 7. c5 b6 8. b4 Bb7 9. Bd3 0-0 10. h3 a5 11. a3 Ba6 12. Bxa6 Rxa6 13. Rc1 axb4 14. axb4 bxc5 15. bxc5 Qa5 16. 0-0 Rfa8 17. Qb3 Qd8 18. Qb2 R8a7 19. Ra1 Qa8 20. Rxa6 Rxa6 21. Nd2 Bd8 22. Nb3 Qb7 23. Qc2 Ra3 24. Rb1 Qa6 25. Qb2 Kf8 26. Ra1 Rxa1+ 27. Qxa1 Qb7 28. Qa4 Ke8 29. Na2 Bc7 30. Bxc7 Qxc7 31. Nb4 Nb8 32. Na5 Kd7 33. Nd3 Qa7 34. Ne5+ Ke8 35. Nexc6 Qd7 36. Qb5 Nxc6 37. Qxc6 Ne4 38. Qxd7+ Kxd7 39. f3 Ng3 40. Kf2 Nf5 41. Nb3 Ne7 42. Nc1 Nc6 43. Nd3 f6 44. g4 e5 45. dxe5 fxe5 46. f4 e4 47. Ne5+ Kc7 48. Ke2 Na5 49. f5 Nb7 50. c6 Nd8 51. Kd2 Nxc6 52. Nxc6 Kxc6 53. Kc3 Kc5 54. g5 d4+ 55. exd4+ Kd5 56. h4 Kd6 57. Kd2 Ke7 58. Ke3 h6 59. Kxe4 hxg5 60. hxg5 Kd6 61. g6 Kd7 62. Ke5 Ke7 63. d5 Kd7 64. d6 Kd8 65. Ke6 Ke8 66. d7+ Kd8 67. Kf7 1-0

[Event "FRA-ch U14 Girls"]
[Site "Nimes"]
[Date "2012.04.18"]
[Round "6"]
[White "Malassagne, Isabelle"]
[Black "Duval, Claire"]
[Result "1-0"]
[WhiteElo "1880"]
[BlackElo "1759"]
[PlyCount "119"]
[EventDate "2012.04.14"]
[EventType "swiss"]
[EventRounds "9"]
[EventCountry "FRA"]
[SourceTitle "CBM 148 Extra"]
[Source "ChessBase"]
[SourceDate "2012.06.22"]
[SourceVersion "1"]
[SourceVersionDate "2012.06.22"]
[SourceQuality "1"]

1. d4 Nf6 2. c4 e6 3. Nc3 d5 4. cxd5 exd5 5. Bg5 Nbd7 6. e3 Be7 7. Bd3 0-0 8. Nge2 c6 9. Qc2 h6 10. Bh4 Re8 11. 0-0 Nf8 12. f3 Ne6 13. Kh1 c5 14. Rac1 cxd4 15. exd4 Bd7 16. Bf5 Rc8 17. g4 Qc7 18. Qd2 Ne4 19. fxe4 Bxh4 20. Rcd1 Bg5 21. Nxd5 Qc4 22. b3 Qa6 23. Qb2 Bb5 24. Rf2 Bxe2 25. Rxe2 Rc1 26. Ree1 Rxd1 27. Rxd1 Rc8 28. a3 Qd6 29. Rf1 Qa6 30. Ra1 Qc6 31. Rf1 Qa6 32. Qf2 Rc2 33. Qg1 Nxd4 34. Nb4 Qxf1 35. Qxf1 Rc1 36. Kg2 Rxf1 37. Kxf1 Nxb3 38. Bc8 Nd2+ 39. Ke2 Nxe4 40. Bxb7 Nc5 41. Bc8 Bd8 42. Na6 Ne4 43. Ke3 Nd6 44. Bd7 Kf8 45. a4 Ke7 46. Bc6 Bb6+ 47. Kf4 Bg1 48. h3 f6 49. Nb4 Bh2+ 50. Kf3 Nf7 51. Bb5 Ne5+ 52. Kg2 Bf4 53. Nd5+ Ke6 54. Nxf4+ Kf7 55. Ne2 Ke7 56. Nd4 Ng6 57. Nc6+ Kd6 58. Nxa7 Ne5 59. Nc8+ Kc7 60. Ne7 1-0

[Event "FRA-ch U14 Girls"]
[Site "Nimes"]
[Date "2012.04.15"]
[Round "2"]
[White "Duval, Claire"]
[Black "Le Berre, Audrey"]
[Result "1-0"]
[WhiteElo "1759"]
[BlackElo "1582"]
[PlyCount "105"]
[EventDate "2012.04.14"]
[EventType "swiss"]
[EventRounds "9"]
[EventCountry "FRA"]
[SourceTitle "CBM 148 Extra"]
[Source "ChessBase"]
[SourceDate "2012.06.22"]
[SourceVersion "1"]
[SourceVersionDate "2012.06.22"]
[SourceQuality "1"]

1. d4 Nf6 2. c4 g6 3. Nc3 Bg7 4. e4 0-0 5. Nf3 d6 6. Be2 c5 7. d5 Nbd7 8. h3 Re8 9. 0-0 Nb6 10. Re1 a6 11. Be3 e6 12. Qc2 exd5 13. exd5 Bf5 14. Bd3 Bxd3 15. Qxd3 Qd7 16. Re2 Re7 17. Rae1 Rae8 18. Nd2 Na4 19. Nxa4 Qxa4 20. b3 Qd7 21. Bf4 Rxe2 22. Rxe2 Rxe2 23. Qxe2 b5 24. Ne4 Nxe4 25. Qxe4 b4 26. Qe3 a5 27. Bg5 Bd4 28. Qe4 f6 29. Bf4 Be5 30. Bc1 a4 31. f4 Bd4+ 32. Kh1 axb3 33. axb3 f5 34. Qe2 Kf7 35. Bb2 Bxb2 36. Qxb2 Qe7 37. Qh8 h5 38. Qh7+ Kf6 39. Qxe7+ Kxe7 40. Kh2 Kf6 41. Kg3 g5 42. fxg5+ Kxg5 43. Kf3 h4 44. g3 hxg3 45. Kxg3 f4+ 46. Kf3 Kf5 47. h4 Ke5 48. h5 Kf5 49. h6 Kg6 50. Kxf4 Kxh6 51. Kf5 Kg7 52. Ke6 Kf8 53. Kxd6 1-0

[Event "FRA-ch U14 Girls"]
[Site "Nimes"]
[Date "2012.04.15"]
[Round "3"]
[White "Nicolas, Gabrielle"]
[Black "Duval, Claire"]
[Result "1/2-1/2"]
[WhiteElo "1607"]
[BlackElo "1759"]
[PlyCount "120"]
[EventDate "2012.04.14"]
[EventType "swiss"]
[EventRounds "9"]
[EventCountry "FRA"]
[SourceTitle "CBM 148 Extra"]
[Source "ChessBase"]
[SourceDate "2012.06.22"]
[SourceVersion "1"]
[SourceVersionDate "2012.06.22"]
[SourceQuality "1"]

1. d4 Nf6 2. c4 e6 3. Nf3 d5 4. Nc3 Be7 5. e3 Nbd7 6. Bd3 0-0 7. 0-0 a6 8. a4 c5 9. Rb1 b6 10. b3 cxd4 11. exd4 Bb7 12. Qe2 Rc8 13. Bd2 Bb4 14. Rfc1 Bxc3 15. Bxc3 Ne4 16. Bb2 a5 17. cxd5 exd5 18. Rxc8 Qxc8 19. Rc1 Qb8 20. Bb5 Qd6 21. Ne5 Nxe5 22. dxe5 Qe7 23. Qe3 Nc5 24. Ba3 Rc8 25. b4 axb4 26. Bxb4 d4 27. Qg3 Qe6 28. h3 Ne4 29. Rxc8+ Qxc8 30. Qd3 Qc1+ 31. Qf1 Qb2 32. Bd6 Nc3 33. Bc7 Nxb5 34. Qxb5 Qxb5 35. axb5 d3 36. Kf1 Bxg2+ 37. Ke1 Bxh3 38. Kd2 Bd7 39. Kxd3 Bxb5+ 40. Ke3 Kf8 41. Bxb6 Ke7 42. Bd4 Ke6 43. Kf4 Bd3 44. Kg5 h6+ 45. Kh5 Bg6+ 46. Kg4 Bf5+ 47. Kh5 Kd5 48. Bc3 Be6 49. f4 Ke4 50. Bd2 Kf3 51. Kh4 Kg2 52. Bc1 h5 53. Kxh5 Kh3 54. Kg5 Kg3 55. Bd2 f6+ 56. Kg6 fxe5 57. fxe5 Kg4 58. Kxg7 Kf5 59. Bc3 Bc8 60. e6 Kxe6 1/2-1/2

[Event "FRA-chT1A 1112"]
[Site "France"]
[Date "2011.10.16"]
[Round "1.8"]
[White "Duval, Claire"]
[Black "Gennesseaux, Gabrielle"]
[Result "1/2-1/2"]
[WhiteElo "1698"]
[BlackElo "1693"]
[PlyCount "93"]
[EventDate "2011.10.16"]
[EventType "team-tourn"]
[EventRounds "11"]
[EventCountry "FRA"]
[SourceTitle "EXT 2013"]
[Source "ChessBase"]
[SourceDate "2012.11.22"]
[SourceVersion "1"]
[SourceVersionDate "2012.11.22"]
[SourceQuality "1"]
[WhiteTeam "Tours"]
[BlackTeam "La Membrolle Choisille"]
[WhiteTeamCountry "FRA"]
[BlackTeamCountry "FRA"]

1. d4 d5 2. c4 e6 3. Nc3 Be7 4. cxd5 exd5 5. Bf4 c6 6. Qc2 Nf6 7. e3 0-0 8. Bd3 Nbd7 9. Nge2 Re8 10. 0-0 Nf8 11. Rad1 Ng6 12. Bg5 Ne4 13. Bxe7 Qxe7 14. Bxe4 dxe4 15. d5 Bg4 16. dxc6 bxc6 17. Rd4 f5 18. Ng3 Nh4 19. Nce2 Bf3 20. gxf3 Nxf3+ 21. Kg2 Nxd4 22. Nxd4 Qg5 23. Kh1 f4 24. Nxe4 Qd5 25. f3 fxe3 26. Rd1 Rad8 27. Nc3 Qh5 28. Qe2 c5 29. Nc2 Rd2 30. Rxd2 exd2 31. Qxd2 Qxf3+ 32. Qg2 Qxg2+ 33. Kxg2 Rb8 34. Na4 c4 35. Kf2 c3 36. bxc3 Kf7 37. Ke3 Rd8 38. Nd4 Rd5 39. c4 Ra5 40. Nc3 Rh5 41. Nf3 Rc5 42. Kd4 Rf5 43. Ke4 Rc5 44. Ne5+ Ke6 45. Nd5 g6 46. Ng4 Kd6 47. Nde3 1/2-1/2

[Event "FRA-ch U14 Girls"]
[Site "Montlucon"]
[Date "2011.04.20"]
[Round "5"]
[White "Quelennec, Amelie"]
[Black "Duval, Claire"]
[Result "1/2-1/2"]
[WhiteElo "1525"]
[BlackElo "1714"]
[PlyCount "113"]
[EventDate "2011.04.17"]
[EventType "swiss"]
[EventRounds "9"]
[EventCountry "FRA"]
[SourceTitle "CBM 142 Extra"]
[Source "ChessBase"]
[SourceDate "2011.06.27"]
[SourceVersion "1"]
[SourceVersionDate "2011.06.27"]
[SourceQuality "1"]

1. b3 d5 2. Bb2 Nf6 3. e3 c6 4. f4 Bf5 5. Nf3 Bg4 6. Be2 Bxf3 7. Bxf3 Nbd7 8. 0-0 Qc7 9. Qe2 e5 10. Nc3 Bd6 11. Bg4 h5 12. Bf5 0-0-0 13. Bxd7+ Nxd7 14. Qf3 f6 15. Ne2 h4 16. Qg4 Rdg8 17. Rac1 g5 18. fxe5 Bxe5 19. Bxe5 Qxe5 20. Nd4 Re8 21. Nf5 Kc7 22. Ng7 Re7 23. Nf5 Rf7 24. d4 Qe8 25. c4 Nb6 26. c5 Nc8 27. g3 h3 28. Qf3 Qe6 29. g4 Kb8 30. Rf2 Rd7 31. Rcf1 Rhh7 32. Qe2 Rdf7 33. b4 a6 34. a4 Qd7 35. Qb2 b5 36. a5 Rf8 37. Qe2 Qe6 38. Ng3 Ne7 39. Nh5 Ng8 40. Qf3 Re7 41. Re1 Rh7 42. Qxh3 Re8 43. Qg3+ Kb7 44. Rf3 Rf8 45. Ref1 Rhf7 46. R1f2 Ka7 47. Qd6 Qxg4+ 48. Ng3 Qd7 49. Qxd7+ Rxd7 50. Nf5 Rh7 51. Kg2 Kb8 52. Nd6 Kc7 53. e4 dxe4 54. Nxe4 Rd7 55. Nxf6 Nxf6 56. Rxf6 Rxf6 57. Rxf6 1/2-1/2

[Event "FRA-ch U12 Girls"]
[Site "Troyes"]
[Date "2010.06.16"]
[Round "7"]
[White "Banat, Rizlene"]
[Black "Duval, Claire"]
[Result "1-0"]
[WhiteElo "1608"]
[BlackElo "1750"]
[PlyCount "127"]
[EventDate "2010.04.11"]
[EventType "swiss"]
[EventRounds "9"]
[EventCountry "FRA"]
[SourceTitle "EXT 2012"]
[Source "ChessBase"]
[SourceDate "2011.11.24"]
[SourceVersion "1"]
[SourceVersionDate "2011.11.24"]
[SourceQuality "1"]

1. Nf3 d5 2. c4 c6 3. g3 Bg4 4. Ne5 Bh5 5. Bg2 Nd7 6. Nxd7 Qxd7 7. cxd5 cxd5 8. d4 Nf6 9. Nc3 e6 10. 0-0 Be7 11. Bf4 0-0 12. Rc1 Rac8 13. Qd2 Bg6 14. a3 b5 15. Na2 Qb7 16. Rxc8 Rxc8 17. Rc1 Nd7 18. Rxc8+ Qxc8 19. Qc3 Qxc3 20. Nxc3 a6 21. e4 dxe4 22. Nxe4 Nb6 23. Nc5 Nc4 24. Bc1 Bf6 25. Nxa6 Bxd4 26. b3 Na5 27. b4 Nb3 28. Be3 Bb2 29. Bf1 Bxa3 30. Bxb5 Kf8 31. Bc6 Ke7 32. b5 Bd3 33. Nc7 Na5 34. Bf3 Bd6 35. b6 Bxc7 36. bxc7 Ba6 37. Bd2 Nb3 38. Bc3 g6 39. Bd1 Nc1 40. Bd2 Na2 41. Bb3 Kd7 42. Bxa2 Kxc7 43. f4 h5 44. Kf2 Bd3 45. Ke3 Bf5 46. Bb4 Kd8 47. Kd4 Bh3 48. Ke5 Bg2 49. Kf6 Ke8 50. Bb3 Bc6 51. Bd1 Bd7 52. Ba3 Bc6 53. f5 exf5 54. Bb3 h4 55. Bxf7+ Kd8 56. gxh4 f4 57. Bxg6 f3 58. Bc5 Bd5 59. h5 Bg8 60. h6 Kd7 61. h7 Bxh7 62. Bxh7 Kc6 63. Bf2 Kd7 64. Bg6 1-0

[Event "FRA-ch U12 Girls"]
[Site "Troyes"]
[Date "2010.04.18"]
[Round "9"]
[White "Broly, Marine"]
[Black "Duval, Claire"]
[Result "1/2-1/2"]
[WhiteElo "1590"]
[BlackElo "1750"]
[PlyCount "38"]
[EventDate "2010.04.11"]
[EventType "swiss"]
[EventRounds "9"]
[EventCountry "FRA"]
[SourceTitle "EXT 2012"]
[Source "ChessBase"]
[SourceDate "2011.11.24"]
[SourceVersion "1"]
[SourceVersionDate "2011.11.24"]
[SourceQuality "1"]

1. e4 c6 2. Nf3 d5 3. Nc3 Bg4 4. h3 Bxf3 5. Qxf3 e6 6. exd5 exd5 7. d4 Nf6 8. Bd3 Be7 9. 0-0 0-0 10. Re1 Nbd7 11. Qg3 Kh8 12. Qf3 Re8 13. a3 Nf8 14. Ne2 b5 15. Bd2 Ne6 16. c3 a5 17. Bc2 a4 18. Nf4 Ng5 19. Ng6+ fxg6 1/2-1/2

[Event "FRA-ch U12 Girls"]
[Site "Troyes"]
[Date "2010.04.13"]
[Round "4"]
[White "Duval, Claire"]
[Black "Gtari, Aliya"]
[Result "1-0"]
[WhiteElo "1750"]
[BlackElo "1560"]
[PlyCount "71"]
[EventDate "2010.04.11"]
[EventType "swiss"]
[EventRounds "9"]
[EventCountry "FRA"]
[SourceTitle "EXT 2012"]
[Source "ChessBase"]
[SourceDate "2011.11.24"]
[SourceVersion "1"]
[SourceVersionDate "2011.11.24"]
[SourceQuality "1"]

1. d4 d5 2. c4 dxc4 3. a4 Nf6 4. Nc3 e6 5. Nf3 Nc6 6. e3 Bb4 7. Bxc4 Ne4 8. Qc2 Nxc3 9. bxc3 Be7 10. 0-0 0-0 11. Rd1 Qe8 12. Bd3 h6 13. e4 Bd7 14. e5 Na5 15. Be3 b6 16. c4 Bc6 17. Be2 Rd8 18. Nd2 Kh8 19. Qa2 Qd7 20. Nf3 Bb4 21. Bd2 Bxd2 22. Rxd2 Bxf3 23. Bxf3 Nc6 24. Rad1 Nb4 25. Qb3 a5 26. Bg4 Nc6 27. f4 Qe7 28. Qf3 Nb4 29. Kh1 c6 30. Qh3 f5 31. exf6 Rxf6 32. g3 Qf7 33. Re1 Qb7 34. Rxe6 Rxe6 35. Bxe6 c5+ 36. d5 1-0

[Event "FRA-ch U12 Girls"]
[Site "Troyes"]
[Date "2010.04.11"]
[Round "1"]
[White "Dupuis, Juliette"]
[Black "Duval, Claire"]
[Result "0-1"]
[WhiteElo "1380"]
[BlackElo "1750"]
[PlyCount "70"]
[EventDate "2010.04.11"]
[EventType "swiss"]
[EventRounds "9"]
[EventCountry "FRA"]
[SourceTitle "EXT 2012"]
[Source "ChessBase"]
[SourceDate "2011.11.24"]
[SourceVersion "1"]
[SourceVersionDate "2011.11.24"]
[SourceQuality "1"]

1. e4 c6 2. Bc4 d5 3. Bd3 dxe4 4. Bxe4 Nf6 5. d3 Nxe4 6. dxe4 Qxd1+ 7. Kxd1 e5 8. Nf3 Nd7 9. Ke2 b6 10. b3 Ba6+ 11. c4 b5 12. Nbd2 Bb4 13. Re1 f6 14. Kf1 Nb6 15. Rd1 bxc4 16. bxc4 Rd8 17. a3 Ba5 18. Bb2 Nxc4 19. Nxc4 Bxc4+ 20. Kg1 0-0 21. h3 Rb8 22. Rab1 Ba2 23. Rbc1 Rxb2 24. Rxc6 Bb6 25. Rcd6 Rxf2 26. Nh4 Rf4+ 27. Kh1 Rxh4 28. Rd7 Rxe4 29. Re7 Rd4 30. Rc1 Bd5 31. Kh2 Rd2 32. Rg1 Bxg1+ 33. Kg3 Rxg2+ 34. Kh4 Bf2+ 35. Kh5 Bf3# 0-1

[Event "FRA-ch U12 Girls"]
[Site "Aix les Bains"]
[Date "2009.04.21"]
[Round "4"]
[White "Duval, Claire"]
[Black "Del Valle, Julie"]
[Result "1-0"]
[WhiteElo "1370"]
[BlackElo "1530"]
[PlyCount "95"]
[EventDate "2009.04.19"]
[EventType "swiss"]
[EventRounds "9"]
[EventCountry "FRA"]
[SourceTitle "CBM 130 Extra"]
[Source "ChessBase"]
[SourceDate "2009.07.02"]
[SourceVersion "2"]
[SourceVersionDate "2009.07.15"]
[SourceQuality "1"]

1. d4 d5 2. c4 e6 3. Nc3 Nf6 4. Bg5 Nbd7 5. e3 Be7 6. Bd3 0-0 7. Nge2 b6 8. 0-0 dxc4 9. Bxc4 Bb7 10. Qc2 h6 11. Bh4 Re8 12. Rfd1 Nf8 13. Rac1 Ng6 14. Bxf6 Bxf6 15. Ne4 Qe7 16. Bb5 Rec8 17. Bc6 Bxc6 18. Qxc6 e5 19. d5 Bg5 20. N2g3 Qb4 21. Rc2 Ne7 22. Qd7 Bh4 23. a3 Qb3 24. Rd3 Rd8 25. Qg4 Bxg3 26. Qxg3 Nxd5 27. Qxe5 Qa2 28. h3 Rd7 29. Nc3 Qa1+ 30. Rd1 f6 31. Qe6+ Rf7 32. Qxd5 Qxd1+ 33. Qxd1 Rff8 34. Nd5 Rad8 35. Qh5 f5 36. Ne7+ Kh7 37. Qg6+ Kh8 38. Nxf5 Rd7 39. Rd2 Rdf7 40. Rd8 Kg8 41. Rxf8+ Kxf8 42. Kf1 Rd7 43. b3 Rd1+ 44. Ke2 Rd7 45. b4 c5 46. Qh7 Kf7 47. Qxg7+ Ke8 48. Qg8# 1-0

[Event "FRA-ch U12 Girls"]
[Site "Aix les Bains"]
[Date "2009.04.19"]
[Round "1"]
[White "Duval, Claire"]
[Black "Bellaiche, Elise"]
[Result "0-1"]
[WhiteElo "1370"]
[BlackElo "1826"]
[PlyCount "106"]
[EventDate "2009.04.19"]
[EventType "swiss"]
[EventRounds "9"]
[EventCountry "FRA"]
[SourceTitle "CBM 130 Extra"]
[Source "ChessBase"]
[SourceDate "2009.07.02"]
[SourceVersion "2"]
[SourceVersionDate "2009.07.15"]
[SourceQuality "1"]

1. d4 d5 2. c4 c6 3. Nc3 Nf6 4. Bg5 e6 5. e4 dxe4 6. Nxe4 Bb4+ 7. Nc3 Qa5 8. Bd2 0-0 9. a3 Bxc3 10. Bxc3 Qc7 11. Bd3 Nbd7 12. Nf3 a6 13. Qd2 b5 14. Ba5 Qb8 15. 0-0 bxc4 16. Bxc4 Bb7 17. Rac1 c5 18. Be2 cxd4 19. Qxd4 Nd5 20. Rc4 Rc8 21. Rfc1 Rxc4 22. Qxc4 Qf4 23. Qc2 Rc8 24. Bc3 Nxc3 25. bxc3 Ne5 26. Nxe5 Qxe5 27. Qb2 Qg5 28. f3 Qe3+ 29. Kh1 Rd8 30. Rg1 h6 31. Qxb7 Qxe2 32. Qb1 Rd2 33. Qe1 Qd3 34. Qc1 Rc2 35. Qe1 Rxc3 36. Qf2 Rc2 37. Qb6 Qxa3 38. Qb8+ Kh7 39. Qb1 Qa2 40. Qe1 a5 41. Qb1 a4 42. Rc1 Qxb1 43. Rxb1 a3 44. h3 a2 45. Ra1 h5 46. h4 Kg6 47. Kh2 Kf5 48. Kg3 Ke5 49. f4+ Ke4 50. Re1+ Kd3 51. Kf3 Kc3 52. Re5 a1Q 53. Rc5+ Kd2 0-1

[Event "FRA-ch U08 Girls"]
[Site "Aix les Bains"]
[Date "2006.??.??"]
[Round "4"]
[White "Duval, Claire"]
[Black "Wojnowska, Natalia"]
[Result "0-1"]
[WhiteElo "1009"]
[BlackElo "1250"]
[PlyCount "46"]
[EventDate "2006.04.16"]
[EventType "swiss"]
[EventRounds "9"]
[EventCountry "FRA"]
[SourceTitle "EXT 2007"]
[Source "ChessBase"]
[SourceDate "2006.11.23"]
[SourceVersion "1"]
[SourceVersionDate "2006.11.23"]
[SourceQuality "1"]

1. e4 d5 2. exd5 Qxd5 3. Nc3 Qa5 4. Nf3 Nf6 5. Bd3 Bg4 6. Be2 e6 7. h3 Bxf3 8. Bxf3 c6 9. a3 Nbd7 10. b4 Qc7 11. d3 0-0-0 12. Be3 Bd6 13. 0-0 Rhg8 14. Qb1 g5 15. Qb3 h5 16. Qc4 g4 17. hxg4 hxg4 18. Qd4 b6 19. Be2 Rh8 20. Bg5 Bh2+ 21. Kh1 Be5+ 22. Kg1 Bxd4 23. Bd2 Qh2# 0-1